Catalog

Record Details

Catalog Search



The Scrolls and the New Testament / edited by Krister Stendahl

Stendahl, Krister (Author). Stendahl, Krister (Editor).

Record details

  • Physical Description: ix, 308 s.
  • Publisher: New York : Harper & Brothers Publishers , 1957
Subject: biblistika
Nový zákon
qumránské texty
sborníky
Genre: sborníky

Available copies

  • 1 of 1 copy available at Common Catalog SPOK.

Holds

  • 0 current holds with 1 total copy.
Show Only Available Copies
Location Call Number / Copy Notes Barcode Shelving Location Status Due Date
ETS Library 221.44 424470016021 Volný výběr Available -

LDR 01169cam a22003377a 4500
00139618
003CZ-PrJAB
00520180206133052.0
007ta
008000628s1957 xxu||||er|||||001|0|eng|d
035 . ‡a(CONS)13310
035 . ‡a(CZ PrCU)000108805
040 . ‡aABD027 ‡bcze ‡cABD027 ‡dABD156
072 7. ‡a2-23/-27 ‡xBible. Biblistika ‡2Konspekt ‡95
082 . ‡a221.44
100 . ‡aStendahl, Krister
24504. ‡aThe Scrolls and the New Testament / ‡cedited by Krister Stendahl
260 . ‡aNew York : ‡bHarper & Brothers Publishers , ‡c1957
300 . ‡aix, 308 s.
65007. ‡abiblistika ‡7ph118873 ‡2czenas
65007. ‡aNový zákon ‡2ctt
65007. ‡aqumránské texty ‡2ctt
65007. ‡asborníky ‡2ctt
655 7. ‡asborníky ‡7fd163935 ‡2czenas
7001 . ‡aStendahl, Krister ‡4edt
8524 . ‡bETS ‡bETS ‡cVolný výběr ‡j221.44 ‡p424470016021 ‡y$50.00
910 . ‡aABG450
993 1. ‡1ETF ‡2001 ‡3IIK 6675 ‡9NZ E03 06 ‡63205130700 ‡53205130700 ‡f04 ‡mBOOK ‡w000108805 ‡x000010
993 1. ‡1HTF ‡2005 ‡312853 ‡54349110054340 ‡7Pro tuto jednotku je třeba zadat Požadavek na výpůjčku ‡f24 ‡mBOOK ‡w000108805 ‡x000020
997 . ‡aBK
999 . ‡a13310 ‡c13310 ‡tbiblio
905 . ‡uadmin
901 . ‡a39618 ‡b ‡c39618 ‡tbiblio ‡sets

Additional Resources